<?xml version="1.0" encoding="UTF-8"?>
<marc:record xmlns:marc="http://www.loc.gov/MARC21/slim">
   <marc:leader>00000nam a2200000 a 4500</marc:leader>
   <marc:datafield ind1="1" ind2=" " tag="100">
      <marc:subfield code="a">Fischer, Lisa</marc:subfield>
      <marc:subfield code="4">aut</marc:subfield>
      <marc:subfield code="e">Verfasser/-in</marc:subfield>
   </marc:datafield>
   <marc:datafield ind1="0" ind2="0" tag="245">
      <marc:subfield code="a">Liebe im Grünen</marc:subfield>
   </marc:datafield>
   <marc:datafield ind1="0" ind2="0" tag="245">
      <marc:subfield code="b">Kreative Sommerfrische im Schwarzatal und am Semmering</marc:subfield>
   </marc:datafield>
   <marc:datafield ind1="0" ind2="0" tag="245">
      <marc:subfield code="c">Lisa Fischer</marc:subfield>
   </marc:datafield>
   <marc:datafield ind1=" " ind2="1" tag="264">
      <marc:subfield code="a">Wien</marc:subfield>
      <marc:subfield code="b">Edition MoKKa</marc:subfield>
      <marc:subfield code="c">2014</marc:subfield>
   </marc:datafield>
   <marc:datafield ind1="1" ind2=" " tag="520">
      <marc:subfield code="a">Im Schwarzatal und am Semmering erkundet die Neugierde eine Kultur- und Naturlandschaft in der bis zur radikalen Zäsur von 1938 die Kreativität blühte und heute erneut Früchte trägt. Altbekannte und neuentdeckte Persönlichkeiten verbinden sich durch ungewöhnliche Blickwinkel mit ihrer Liebe zu Menschen, Kunst, Politik und Natur zu eindrucksvollen Netzwerken kreativer Milieus. Sie werden von der Autorin durch lyrische Zitate gewandt in die Narrative eingewoben. Spannende Informationen über die handelnden Personen sind an konkrete Schauplätze angebunden und lassen sich mit Hilfe dieser originellen Lektüre und ihrem einladenden Perspektivenwechsel erkunden.</marc:subfield>
   </marc:datafield>
   <marc:datafield ind1=" " ind2=" " tag="020">
      <marc:subfield code="a">9783902693495</marc:subfield>
      <marc:subfield code="9">9783902693495</marc:subfield>
   </marc:datafield>
   <marc:datafield ind1=" " ind2=" " tag="020">
      <marc:subfield code="a">3902693495</marc:subfield>
      <marc:subfield code="9">3902693495</marc:subfield>
   </marc:datafield>
   <marc:datafield ind1=" " ind2=" " tag="300">
      <marc:subfield code="a">330 S. : Mit Farbfotos von Pedro Salvadore.</marc:subfield>
   </marc:datafield>
</marc:record>
